000 00277nam a2200109Ia 4500
008 230205s9999 xx 000 0 und d
022 _a2455-2194
245 0 _aCurrent Central Legislation (CCL)
260 _bEastern Book Company
_aLucknow
_c2022
650 _aLaw
942 _cJ
_s1
999 _c19893
_d19893